000 00404 a2200157 4500
005 20260413115621.0
008 260407b |||||||| |||| 00| 0 eng d
020 _a9789364871068
080 _aFM
_bNAS/K
100 _aNaseef, Kalayath
245 _aKhadeeja(ഖദീജ)
260 _bD C books.
_aKottayam.
_c2025.
300 _a128p.
653 _aFiction-Novel-Malayalam Literature
942 _cBK
999 _c115256
_d115255